000 01124cam a22003257a 4500
003 CHAP
005 20220329134121.0
008 971013s1980 r 00010 d
010 _a15649
011 _a16621
035 _a20703
040 _cCHAP
090 _aFolleto 6530
100 0 0 _aBesnier Romero, Fernando.
_912033
245 1 3 _aLa energía solar en agricultura
260 _aMadrid :
_bMinisterio de Agricultura,
_c1980
300 _a20 p.
_b: ilus.
490 0 _aMadrid. Ministerio de Agricultura. Hojas divulgadoras
_v; 11-12/80
590 _aBATCH-UPD
_b10
_c20130110
_lUCH01
_h0038
590 _aBATCH-UPD
_b10
_c20130110
_lUCH01
_h2028
590 _aBATCH-UPD
_b10
_c20130410
_lUCH01
_h1345
590 _aBATCH-UPD
_b10
_c20130914
_lUCH01
_h1307
590 _aCONVERSION
_b10
_c20130109
_lUCH01
_h1310
650 1 4 _aEnergía solar en agricultura.
_936913
830 0 _aMadrid. Ministerio de Agricultura. Hojas divulgadoras
_v; 11-12/80
_969716
901 _aBK
942 _cFOLL
949 _aFolleto 6530
_bBC
_cFOLL
_d-48271
_eTS1
_i20703
_mD
_si
949 _aFolleto 6530
_bBC
_cFOLL
_d-48272
_eTS2
_fc.2
_i20703
_mD
_si
999 _c15649
_d15649